Antidiskriminačné právo z pohľadu Law&Economics bakalárska práca

Salvato in:
Dettagli Bibliografici
Autore principale: Pokrivčák, Kristián
Enti autori: Ekonomická univerzita v Bratislave. Národohospodárska fakulta, Univerzita Komenského v Bratislave. Právnická fakulta
Altri autori: Sabján, Nikolas
Natura: Libro
Lingua:slovacco
Pubblicazione: Bratislava 2023
Tags: Aggiungi Tag
Nessun Tag, puoi essere il primo ad aggiungerne!!

MARC

LEADER 00000nbm a2200000 4500
001 0295905
005 20231129132122.6
041 0 |a slo 
044 |a SK 
245 1 0 |a Antidiskriminačné právo z pohľadu Law&Economics  |b bakalárska práca  |c Kristián Pokrivčák ; školiteľ: Nikolas Sabján 
264 1 |a Bratislava  |c 2023 
300 |a 46 s. 
100 1 |a Pokrivčák, Kristián 
700 1 |a Sabján, Nikolas 
710 2 |a Ekonomická univerzita v Bratislave. Národohospodárska fakulta 
710 2 |a Univerzita Komenského v Bratislave. Právnická fakulta